Detalles MARC
| 000 -LÍDER |
| Campo fijo de descripción fija |
01477nam a2200349 i 4500 |
| 001 - NÚMERO DE CONTROL |
| Campo de control |
768714001 |
| 003 - IDENTIFICADOR DEL NÚMERO DE CONTROL |
| Campo de control |
CO-MdFUSB |
| 005 - FECHA Y HORA DE LA ULTIMA TRANSACCIÓN |
| control field |
20200704121837.0 |
| 007 - CAMPO FIJO DE DESCRIPCIÓN FIJA--INFORMACIÓN GENERAL |
| Campo fijo de descripción fija |
ta |
| 008 - ELEMENTOS DE LONGITUD FIJA -- INFORMACIÓN GENERAL |
| Campo fijo de descripción fija -- Información general |
910610t1990 tnu 000 0 eng d |
| 020 ## - NÚMERO INTERNACIONAL NORMALIZADO PARA LIBROS |
| Número Internacional Normalizado del libro |
0899576907 |
| 040 ## - FUENTE DE CATALOGACIÓN |
| Agencia de catalogación original |
TCT |
| Agencia que realiza la transcripción |
CO-MdFUSB |
| Agencia que realiza la modificación |
YQR |
| -- |
CO-MdFUSB |
| -- |
CBC |
| Idioma de catalogación |
spa |
| Convenciones de la descripción |
rda |
| 041 0# - CÓDIGO DE IDIOMA |
| Código de idioma para texto/pista de sonido o título separado |
eng |
| Código de idioma original |
heb |
| 082 ## - NÚMERO DE CLASIFICACIÓN DECIMAL DEWEY |
| Número de la edición del Dewey |
23 |
| Número de clasificación |
220.52044 |
| Clave de autor-Numero de item |
H446 |
| 090 ## - SIGNATURA TOPOGRÁFICA LOCAL |
| Número de clasificación local |
BS195 |
| 240 10 - TITULO UNIFORME |
| Título uniforme |
<a href="Bible.">Bible.</a> |
| 245 14 - TÍTULO |
| Título del Material |
The Hebrew - Greek key study Bible : |
| Parte restante del título - Subtitulo |
Zodhiates' original and complete system of Bible study |
| Mención de responsabilidad, etc. |
/ compilado y editado por Spiros Zodhiates. |
| 264 #1 - PRODUCCIÓN, PUBLICACIÓN, DISTRIBUCIÓN, MANUFACTURA, Y COPYRIGHT |
| Lugar de producción, publicación, distribución, manufactura |
Chattanooga, Tenn. : |
| Nombre del productor, publicador, distribuidor |
AMG Publishers, |
| Fecha de producción, publicación, distribución, manufactura, o copyright |
[1990] |
| 264 #4 - PRODUCCIÓN, PUBLICACIÓN, DISTRIBUCIÓN, MANUFACTURA, Y COPYRIGHT |
| Fecha de producción, publicación, distribución, manufactura, o copyright |
© 1990 |
| 300 ## - DESCRIPCIÓN FÍSICA |
| Extensión |
1967 páginas. : |
| Otros detalles físicos |
ilustraciones. ; |
| Dimensiones |
24 cm. |
| 336 ## - TIPO DE CONTENIDO |
| Fuente |
rdacontent |
| Término de tipo de contenido |
texto |
| Código de tipo de contenido |
txt |
| 337 ## - TIPO DE MEDIO |
| Fuente |
rdamedia |
| Nombre del tipo de medio |
sin mediación |
| Código del tipo de medio |
n |
| 338 ## - TIPO DE SOPORTE |
| Fuente |
rdacarrier |
| Nombre del tipo de soporte |
volumen |
| Código Tipo de soporte |
nc |
| 490 ## - MENCIÓN DE SERIE |
| Mención de serie |
New American Standard, |
| 520 ## - NOTA DE RESUMEN, ETC. |
| Nota de sumario, etc. |
"Palabras clave en el texto codificadas numéricamente para la concordancia exhaustiva del estándar New American, introducción a cada libro, notas exegéticas, referencias de columna central, ayudas gramaticales al Nuevo testamento, ayudas léxicas, concordancia estándar New American, diccionarios de Strong y ocho páginas atlas bíblico en color ". |
| 563 ## - NOTA DE ENCUADERNACIÓN |
| Nota de encuadernación |
Rústico |
| 650 #0 - ASIENTO SECUNDARIO DE MATERIA - TERMINO TEMÁTICO |
| 9 (RLIN) |
360 |
| Término temático o nombre geográfico como elemento de entrada |
Biblia |
| Término temático que sigue al nombre geográfico como elemento de entrada |
Evidencias, autoridad, etc. |
| 700 1# - ASIENTO SECUNDARIO - NOMBRE PERSONAL |
| Nombre personal |
Zodhiates, Spiros. |
| Responsabilidad |
editor |
| 942 ## - TIPO DE MATERIAL (KOHA) |
| Tipo de Item KOHA |
Libros General |
| 945 ## - INFORMACIÓN LOCAL DEL REGISTRO |
| Catalogador |
JTF-925 |